00640nam a2200157Ia 4500008004100000041001200041100001800053245010300071260003500174300000800209650001700217700001800234942000700252999001700259952020600276221030s9999 xx 000 0 und d aEnglish aC. M. Kamotra 0aKinetic Theory Principles of Statistical Physics & Thermodynamicscby C. M. Kamotra, K. N. Goswami bMalhotra BorthersaJammuc1986 a166 aBB Mechanics aK. N. Goswami cBK c18188d18188 pBB 955g121.00l0eDonated by Prof Mohinder Jain ( HOD Physics )r2025-05-17 00:00:00w2022-10-30yBK003Print4070aMIETLIBbMIETLIBcBL-Academic Block B, FL-2, CUP-101, SH-3, R-3d2019-05-2110HBB